Высочайшие указы, данные на имя министра Императорского двора в 1901, 1902 и 1903 годах

Доступно только в Электронных читальных залах Найти на картеНа карте
RUSMARC
00003685nmc2a22002413x 450
00129e8e568-7a37-4359-981b-0fd2fea3521f
00520240229135029.0
100##$a20230531l19011903k l0rusy0189 ca
1010#$arus
102##$aRU
105##$ay###
1222#$ad
2001#$aВысочайшие указы, данные на имя министра Императорского двора в 1901, 1902 и 1903 годах
$j1 января 1901 г. - 6 декабря 1903 г.
215##$a82 л.
$d37х24 см
251##$cДело
300##$aКнига №3
371##$aДокумент не является опубликованным и широко распространяемым
461#0$10013d7c611c-06e8-448a-b7f5-c27d405dea74
$12001
$aОбщий план земель, купленных у графини Орловой-Чесменской
$1251
$cДело
$1852
$j1704
462#0$10013fdf18fa-0981-4b88-94e1-b2aefee42d7a
$12001
$aВысочайшие указы и всеподданнейшие доклады по Министерству императорского двора
$1251
$cОпись
$1852
$j22
801#0$aRU
$bРГИА
$c20230531
$gRCR
801#1$aRU
$bГлавНИВЦ
$c20230531
$2rusmarc
801#2$aRU
$bПБ им. Б.Н. Ельцина
$c20240229
$gRCR
$2rusmarc
850##$aРГИА
852##$aРГИА
$eФедеральное казенное учреждение "Российский государственный исторический архив" (РГИА)
$j3
937##$hРГИА
$d12402888
$aASBIBLIO_SCAN
035##$aRusGRCC00067967
856##$uhttp://readingroom.main.prlib.ru/item.aspx?id_node=n191149841&mode=full
Формат отображения